| 000 | 02133cam a22005537i 4500 | ||
|---|---|---|---|
| 001 | 21728558 | ||
| 005 | 20260606123036.0 | ||
| 008 | 200925s2021 ii a b 001 0 eng d | ||
| 010 | _a 2020946853 | ||
| 015 |
_aGBC0H1855 _2bnb |
||
| 016 | 7 |
_a019999176 _2Uk |
|
| 020 |
_a9353886139 _q(paperback) |
||
| 020 |
_a9789353886134 _q(paperback) |
||
| 020 |
_a9353886104 _q(hardback) |
||
| 020 |
_a9789353886103 _q(hardback) |
||
| 020 |
_z9789353886110 _q(ePub ebook) |
||
| 035 | _a21728558 | ||
| 035 | _a(OCoLC)1201663679 | ||
| 040 |
_aYDX _beng _cYDX _erda _dUKMGB _dOCLCO _dBDX _dOCLCF _dYDXIT _dOCLCO _dOCL _dOCLCQ _dDLC |
||
| 042 | _alccopycat | ||
| 043 | _aa-ii--- | ||
| 050 | 0 | 0 |
_aHD9987.I4 _bW67 2021 |
| 082 | 0 | 4 | _a382.0954 |
| 245 | 0 | 0 |
_aWorld trade and India : _bmultilateralism, progress and policy response / _cedited by Ajitava Raychaudhuri, Prabir De, Suranjan Gupta. |
| 264 | 1 |
_aNew Delhi : _bSAGE Publications, _c2021. |
|
| 300 |
_axxviii, 444 pages : _billustrations ; _c22 cm |
||
| 336 |
_atext _btxt _2rdacontent |
||
| 337 |
_aunmediated _bn _2rdamedia |
||
| 338 |
_avolume _bnc _2rdacarrier |
||
| 504 | _aIncludes bibliographical references and index. | ||
| 650 | 0 | _aInternational trade. | |
| 650 | 0 |
_aService industries _zIndia. |
|
| 650 | 0 |
_aGlobalization _xSocial aspects _zIndia. |
|
| 650 | 7 |
_aService industries. _2fast _0(OCoLC)fst01113407 |
|
| 650 | 7 |
_aGlobalization _xSocial aspects. _2fast _0(OCoLC)fst00943547 |
|
| 650 | 7 |
_aCommerce. _2fast _0(OCoLC)fst00869279 |
|
| 650 | 7 |
_aInternational trade. _2fast _0(OCoLC)fst00977128 |
|
| 651 | 0 |
_aIndia _xCommerce. |
|
| 651 | 7 |
_aIndia. _2fast _0(OCoLC)fst01210276 |
|
| 700 | 1 |
_aRaychauduri, Ajitava, _eeditor. |
|
| 700 | 1 |
_aDe, Prabir, _eeditor. |
|
| 700 | 1 |
_aGupta, Suranjan, _eeditor. |
|
| 776 | 0 | 8 |
_iEbook version : _z9789353886110 |
| 856 |
_uhttps://sk.sagepub.com/books/world-trade-and-india _yRead SAGE E-Book |
||
| 906 |
_a7 _bcbc _ccopycat _d2 _encip _f20 _gy-gencatlg |
||
| 942 |
_2ddc _cEBOOK |
||
| 999 |
_c44732 _d44732 |
||